Obstetricia de Beck.

Gespeichert in:
Bibliographische Detailangaben
1. Verfasser: Taylor, E. Stewart
Format: Buch
Sprache:Spanisch
Veröffentlicht: Ciudad de México, México CRAT 1968
Ausgabe:Octava edición
Schlagworte:
Tags: Tag hinzufügen
Keine Tags, Fügen Sie den ersten Tag hinzu!

MARC

LEADER 00000nam a2200000 a 4500
001 UCT1884
003 CL-VaPUC
005 20240110093924.0
008 961004e19680000MX |||||||||||||||||spa|d
999 |c 252237  |d 252235 
040 |c Pontificia Universidad Católica de Valparaíso 
082 0 4 |a 618.2 TAY 1968  |2 21 
100 0 |a Taylor, E. Stewart  |9 370899 
245 1 0 |a Obstetricia de Beck. 
250 |a Octava edición 
260 0 3 |a Ciudad de México, México  |b CRAT  |c 1968 
300 |a 621 páginas. 
583 |a last modification  |c 19961004 00:00:00  |k Rodrigo Vera 
650 7 |a OBSTETRICIA  |2 CL-VaPUC  |9 310890 
650 0 |a Medicina   |9 258507 
650 7 |a GINECOLOGIA  |2 CL-VaPUC  |9 370900 
650 0 |a Gestación   |9 344858 
650 7 |a PARTO  |2 CL-VaPUC  |9 310888 
650 7 |a EXTRACCION OBSTETRICA  |2 CL-VaPUC  |9 370901 
650 7 |a CESAREA  |2 CL-VaPUC  |9 370902 
650 0 |a Aborto  |9 256680 
942 |c BK  |2 ddc 
945 |d 19961004 00:00:00  |a cmena 
952 |0 0  |1 0  |2 ddc  |4 0  |6 618_200000000000000_TAY_1968  |7 0  |8 A  |9 271979  |a BIBCUR  |b BIBCUR  |d 2019-11-19  |i 175551K  |o 618.2 TAY 1968  |p 175551K  |r 2025-04-22  |t 1  |w 2019-11-19  |y BK  |k BCB 
952 |0 0  |1 0  |2 ddc  |4 0  |6 618_200000000000000_TAY_1968  |7 0  |8 A  |9 271980  |a BIBGIM  |b BIBGIM  |d 2019-11-19  |i 1404318  |o 618.2 TAY 1968  |p 1404318  |r 2025-01-15  |t 2  |w 2019-11-19  |y BK  |k SSL 
952 |0 0  |1 0  |2 ddc  |4 0  |6 618_200000000000000_TAY_1968  |7 0  |8 A  |9 271981  |a BIBGIM  |b BIBGIM  |d 2019-11-19  |i 1404369  |o 618.2 TAY 1968  |p 1404369  |r 2025-01-15  |t 3  |w 2019-11-19  |y BK  |k SSL